[Event "XXX Torneo A di Capodanno"]
[Site "Reggio nell'Emilia ITA"]
[Date "1987.12.27"]
[Round "1"]
[White "Pinter, Jozsef"]
[Black "Beliavsky, Alexander G."]
[WhiteElo "2575"]
[BlackElo "2630"]
[Result "0-1"]
[PlyCount "106"]
[EventDate "1987.12.27"]

1. d4 d5 2. Nf3 Nf6 3. c4 c6 4. Nc3 dxc4 5. a4 Bf5 6. Ne5 e6 7. f3 Bb4 8. h4 c5
9. dxc5 Qa5 10. Qd4 Bxc5 11. Qxc4 O-O 12. e4 Bd6 13. Nd3 Bg3+ 14. Kd1 Bg6 15.
Bd2 Qd8 16. f4 Nc6 17. Rh3 Nh5 18. Ne2 Rc8 19. Rc1 Bxh4 20. g4 Nf6 21. f5 Nxg4
22. fxg6 hxg6 23. Nef4 g5 24. Ng2 Qf6 25. Be2 Nce5 26. Qxc8 Nxd3 27. Qxf8+ Kxf8
28. Rc8+ Ke7 29. Rxd3 Nf2+ 30. Kc2 Nxd3 31. Bxd3 Qf2 32. Ne3 Bg3 33. Bb5 f6 34.
Kd3 Bd6 35. Re8+ Kf7 36. Rd8 Bc5 37. Rd7+ Kg6 38. Rxb7 g4 39. Nxg4 Qd4+ 40. Kc2
f5 41. Bd3 fxg4 42. e5+ Kh5 43. Rxg7 Kh4 44. Rf7 Qxa4+ 45. Kc1 Bd4 46. Bf4 Qa1+
47. Kd2 Qxb2+ 48. Kd1 Qa1+ 49. Ke2 Qa2+ 50. Kd1 g3 51. Bd2 Qa1+ 52. Ke2 Bxe5
53. Rh7+ Kg4 0-1

[Event "XXX Torneo A di Capodanno"]
[Site "Reggio nell'Emilia ITA"]
[Date "1987.12.29"]
[Round "3"]
[White "Christiansen, Larry M."]
[Black "Andersson, Ulf"]
[WhiteElo "2575"]
[BlackElo "2600"]
[Result "1/2-1/2"]
[PlyCount "53"]
[EventDate "1987.12.27"]

1. d4 Nf6 2. c4 e6 3. Nc3 Bb4 4. e3 c5 5. Bd3 Nc6 6. Nge2 d5 7. cxd5 Nxd5 8.
O-O cxd4 9. exd4 O-O 10. Qc2 g6 11. a3 Be7 12. Rd1 Re8 13. Be4 Bf6 14. Bh6 Nce7
15. Nf4 b6 16. Nfxd5 Nxd5 17. Nxd5 exd5 18. Bd3 Bg4 19. Re1 Qd7 20. Qd2 Bg7 21.
Bxg7 Kxg7 22. Rxe8 Rxe8 23. Re1 Rxe1+ 24. Qxe1 f6 25. h3 Be6 26. h4 Bf7 27. g3
1/2-1/2

[Event "XXX Torneo A di Capodanno"]
[Site "Reggio nell'Emilia ITA"]
[Date "1987.12.29"]
[Round "3"]
[White "Vaganian, Rafael A."]
[Black "Tukmakov, Vladimir B."]
[WhiteElo "2595"]
[BlackElo "2580"]
[Result "1/2-1/2"]
[PlyCount "103"]
[EventDate "1987.12.27"]

1. c4 Nf6 2. Nc3 e6 3. d4 Bb4 4. e3 c5 5. Bd3 Nc6 6. Nge2 cxd4 7. exd4 d5 8.
O-O dxc4 9. Bxc4 O-O 10. h3 b6 11. Be3 Bb7 12. a3 Bxc3 13. Nxc3 h6 14. Qd3 Ne7
15. Rad1 Ned5 16. Ba2 Rc8 17. Bd2 Qc7 18. Rfe1 Rfd8 19. Nxd5 Bxd5 20. Bb1 Bb7
21. Rc1 Qd6 22. Rxc8 Rxc8 23. Re5 Rd8 24. Bc3 Bd5 25. g4 Qc6 26. f4 Bc4 27. Qg3
Rd5 28. f5 exf5 29. Rxf5 Rxf5 30. Bxf5 g6 31. Bc2 Ne4 32. Qf3 Bd5 33. Bxe4 Bxe4
34. Qf4 Bd5 35. Qxh6 Qe6 36. Qf4 Qe2 37. Qf2 Qxf2+ 38. Kxf2 g5 39. Be1 f6 40.
Ke3 Kf7 41. h4 gxh4 42. Bxh4 Ke6 43. Bg3 Kd7 44. Bb8 a6 45. Kf4 Ke6 46. Bc7 b5
47. Bd8 Bb3 48. Kf3 Bd1+ 49. Kg3 Bb3 50. Kf4 Bc2 51. d5+ Kxd5 52. Bxf6 1/2-1/2

[Event "XXX Torneo A di Capodanno"]
[Site "Reggio nell'Emilia ITA"]
[Date "1987.12.31"]
[Round "5"]
[White "Pinter, Jozsef"]
[Black "Vaganian, Rafael A."]
[WhiteElo "2575"]
[BlackElo "2595"]
[Result "1/2-1/2"]
[PlyCount "110"]
[EventDate "1987.12.27"]

1. d4 Nf6 2. c4 e6 3. Nf3 b6 4. g3 Ba6 5. b3 Bb4+ 6. Bd2 Be7 7. Nc3 O-O 8. e4
d5 9. cxd5 Bxf1 10. Kxf1 exd5 11. e5 Ne4 12. Kg2 f5 13. Rc1 Qd7 14. h4 Nc6 15.
Ne2 Nd8 16. Nf4 Rc8 17. Be3 Ne6 18. Qd3 c5 19. Rhd1 Rfd8 20. Qa6 Nxf4+ 21. Bxf4
Rc6 22. Rc2 h6 23. h5 Bg5 24. Bxg5 hxg5 25. dxc5 bxc5 26. Qa4 Qb7 27. b4 g4 28.
Nh4 Ra6 29. Qb3 c4 30. Qe3 Rh6 31. f3 gxf3+ 32. Qxf3 Ng5 33. Qxf5 d4+ 34. Kg1
Rxh5 35. Rf1 d3 36. Rxc4 d2 37. Qg4 Rxh4 38. gxh4 Nf3+ 39. Kf2 Ne1 40. Rxe1
dxe1=Q+ 41. Kxe1 Qh1+ 42. Ke2 Qd1+ 43. Ke3 Qe1+ 44. Kf3 Qf1+ 45. Ke3 Qe1+ 46.
Kf3 Qf1+ 47. Ke3 Qd3+ 48. Kf2 Qd2+ 49. Kf3 Qd3+ 50. Kf2 Qd2+ 51. Kf3 Rd3+ 52.
Ke4 Qe3+ 53. Kf5 Rd8 54. Qe4 Rf8+ 55. Kg4 Qg1+ 1/2-1/2

[Event "XXX Torneo A di Capodanno"]
[Site "Reggio nell'Emilia ITA"]
[Date "1988.01.03"]
[Round "7"]
[White "Beliavsky, Alexander G."]
[Black "Korchnoi, Viktor L."]
[WhiteElo "2630"]
[BlackElo "2630"]
[Result "1-0"]
[PlyCount "103"]
[EventDate "1987.12.27"]

1. d4 Nf6 2. c4 e6 3. g3 c5 4. Nf3 cxd4 5. Nxd4 Bb4+ 6. Nc3 O-O 7. Bg2 d5 8.
O-O dxc4 9. Qa4 Na6 10. Ndb5 Nd5 11. Rd1 Nc5 12. Qc2 Qa5 13. Bd2 Bd7 14. Nxd5
exd5 15. Bxb4 Qxb4 16. Nc7 Ba4 17. Qd2 Qxd2 18. Rxd2 Rad8 19. Nxd5 Rfe8 20. Rc1
b5 21. b4 Nd7 22. Nc3 Nb6 23. Rxd8 Rxd8 24. Kf1 Rd2 25. Be4 Kf8 26. Ke1 Rd6 27.
h4 Ke7 28. Rb1 h6 29. Rb2 g5 30. hxg5 hxg5 31. Rd2 Re6 32. Rd4 Re5 33. Kd2 f5
34. Bc6 g4 35. e4 Kf6 36. exf5 Rxf5 37. Ke3 Re5+ 38. Re4 Rg5 39. Re8 Rg6 40.
Be4 Rg7 41. Rh8 Kg5 42. Rf8 Rd7 43. Rg8+ Kf6 44. Rxg4 Re7 45. Rg6+ Kf7 46. Rh6
Kg8 47. Kd2 Rd7+ 48. Kc1 Rf7 49. f4 Rd7 50. g4 Rd4 51. g5 Nc8 52. Bd5+ 1-0

[Event "XXX Torneo A di Capodanno"]
[Site "Reggio nell'Emilia ITA"]
[Date "1988.01.03"]
[Round "7"]
[White "Christiansen, Larry M."]
[Black "Portisch, Lajos"]
[WhiteElo "2575"]
[BlackElo "2615"]
[Result "1/2-1/2"]
[PlyCount "34"]
[EventDate "1987.12.27"]

1. d4 Nf6 2. c4 e6 3. Nf3 d5 4. Nc3 Be7 5. Bg5 O-O 6. e3 h6 7. Bxf6 Bxf6 8. Qb3
c5 9. cxd5 cxd4 10. Nxd4 exd5 11. Be2 Nc6 12. Rd1 Bxd4 13. exd4 Qh4 14. Qa4 Bg4
15. Bxg4 Qxg4 16. O-O Rad8 17. h3 Qd7 1/2-1/2

[Event "XXX Torneo A di Capodanno"]
[Site "Reggio nell'Emilia ITA"]
[Date "1987.01.04"]
[Round "8"]
[White "Pinter, Jozsef"]
[Black "Christiansen, Larry M."]
[WhiteElo "2575"]
[BlackElo "2575"]
[Result "0-1"]
[PlyCount "96"]
[EventDate "1987.12.27"]

1. d4 d6 2. Nf3 Bg4 3. c4 Bxf3 4. gxf3 g6 5. Nc3 Bg7 6. f4 c6 7. e3 Nd7 8. Bd3
e6 9. Ne4 Ndf6 10. Ng5 Ne7 11. Qb3 Rb8 12. Bd2 a6 13. Rc1 O-O 14. Qa3 Nf5 15.
Bb4 Ne8 16. d5 c5 17. Bc3 Qe7 18. Rg1 b5 19. cxb5 axb5 20. dxe6 fxe6 21. b4 e5
22. bxc5 exf4 23. cxd6 Bxc3+ 24. Qxc3 Nexd6 25. Qb3+ Kh8 26. Bxf5 Nxf5 27. Qc3+
Ng7 28. e4 f3 29. Rg3 h6 30. Nxf3 Qxe4+ 31. Kf1 g5 32. Kg1 Qf5 33. Qb2 Rbd8 34.
Re1 Rde8 35. Rd1 Re4 36. Nd4 Qf6 37. Rf3 Rg4+ 38. Kh1 Rf4 39. Rxf4 Qxf4 40. f3
Rd8 41. Rd3 Qe5 42. Rd2 Qe3 43. Kg2 Qf4 44. Nb3 Rf8 45. Nd4 g4 46. Rf2 Rf6 47.
Kf1 Rd6 48. Nc2 gxf3 0-1

[Event "XXX Torneo A di Capodanno"]
[Site "Reggio nell'Emilia ITA"]
[Date "1988.01.04"]
[Round "8"]
[White "Vaganian, Rafael A."]
[Black "Beliavsky, Alexander G."]
[WhiteElo "2595"]
[BlackElo "2630"]
[Result "0-1"]
[PlyCount "76"]
[EventDate "1987.12.27"]

1. Nf3 d5 2. d4 Nf6 3. c4 c6 4. Nc3 dxc4 5. a4 Bf5 6. e3 e6 7. Bxc4 Bb4 8. O-O
Nbd7 9. Nh4 O-O 10. Nxf5 exf5 11. h3 a5 12. Qf3 Nb6 13. Bb3 g6 14. g4 fxg4 15.
hxg4 h5 16. gxh5 Nxh5 17. Rd1 Kg7 18. Ne4 Qe7 19. Bd2 Bxd2 20. Rxd2 Rae8 21.
Nc5 Nf6 22. Kf1 Nbd5 23. Rdd1 Rh8 24. Bxd5 Nxd5 25. e4 Nb4 26. e5 Rh4 27. Nxb7
Nd5 28. Nd6 Reh8 29. Ke2 Rd8 30. Kf1 Nf4 31. Ra3 Qg5 32. Ne4 Qxe5 33. Ng3 Qe6
34. Rc3 Re8 35. Qxc6 Qh3+ 36. Kg1 Qg4 37. Qf3 Ne2+ 38. Kf1 Nxg3+ 0-1

[Event "XXX Torneo A di Capodanno"]
[Site "Reggio nell'Emilia ITA"]
[Date "1988.01.06"]
[Round "9"]
[White "Beliavsky, Alexander G."]
[Black "Portisch, Lajos"]
[WhiteElo "2630"]
[BlackElo "2615"]
[Result "1/2-1/2"]
[PlyCount "40"]
[EventDate "1987.12.27"]

1. d4 Nf6 2. c4 e6 3. Nf3 b6 4. g3 Bb7 5. Bg2 Be7 6. O-O O-O 7. Nc3 Ne4 8. Qc2
Nxc3 9. Qxc3 c5 10. b3 cxd4 11. Nxd4 Bxg2 12. Kxg2 Bf6 13. h3 d5 14. Rd1 dxc4
15. Qxc4 Qc8 16. Qa4 g6 17. e3 Nc6 18. Ba3 Rd8 19. Rd3 Rd5 20. Nxe6 Rxd3
1/2-1/2